| 000 | 00915nam a22002417a 4500 | ||
|---|---|---|---|
| 005 | 20260203130326.0 | ||
| 008 | 260203b |||||||| |||| 00| 0 eng d | ||
| 020 | _a978-1-78743-377-9 | ||
| 050 |
_aHV6150 _b .L46 2018 |
||
| 100 | _aLeonard, Liam | ||
| 245 | _aEnvironmental Criminology: Spatial Analysis and Regional Issues | ||
| 250 | _aFirst edition. | ||
| 260 |
_aBingley, UK _bEmerald Publishing Limited _c2018 |
||
| 300 |
_ax ,146 p. ; _c24 cm. |
||
| 440 | _aAdvances in Sustainability and Environmental Justice Volume 20 | ||
| 500 | _aIncludes bibliographical references and index. | ||
| 650 |
_aCrime _xEnvironmental aspects. |
||
| 650 |
_aRegional disparities _xCase studies. |
||
| 650 | _aCriminology. | ||
| 650 |
_aHuman beings _xEffect of environment on. |
||
| 856 | _uhttps://www.emerald.com/books/edited-volume/12022/Environmental-CriminologySpatial-Analysis-and | ||
| 942 |
_2lcc _cEBKS |
||
| 999 |
_c60119 _d60119 |
||